000 00853nam a2200181Ia 4500
008 100920s9999 xx 000 0 und d
082 _b61075
_a61 थ 62
100 _aसंपादक-अर्जुनवाडकर कृष्ण श्रीनिवास, मंगरूळकर अरविंद.
245 _aमम्मटभट्टविरचित काव्यप्रकाश.
260 _bदेशमुख आणि कंपनी ,पुणे.
_c1962
300 _a986
_bसाधी
365 _b50
520 _aस्थानिक वाचन.
630 _aमम्मटभट्टविरचित काव्यप्रकाश.
650 _aस्थानिक वाचन.
730 _aमम्मटभट्टविरचित काव्यप्रकाश.
942 _cBOOK
999 _c704312
_d704309